00313pab a2200121 454500008004000000100002000040245005600060260000900116300001200125362001100137650002800148773001500176180718b2000 xxu||||| |||| 00| 0 eng d aSabherwal, O.P. aShould India be caught napping in a changing world? c2000 ap.13-14 a18 Nov aInternational relations aMainstream